000 00340pab a2200145 454500
008 180718b2002 xxu||||| |||| 00| 0 eng d
100 _aRahman, Hossain Zillur
245 _aPoverty and property rights
260 _c2002
300 _ap.19-21.
650 _aRight to property
650 _aPoverty
773 _aLiberal
909 _a55620
999 _c55620
_d55620